Statistics for Spencer Tracy Filmography

Click here to take the quiz!

General Stats

  • This quiz has been taken 44 times
    (10 since last reset)
  • The average score is 18 of 100

Answer Stats

TypeYearName% Correct
Film1938Boys Town
100%
Film1937Captains Courageous
83%
Film1950Father of the Bride
83%
Film1961Judgment at Nuremberg
83%
Film1952Pat and Mike
83%
Film1936San Francisco
83%
Film1949Adam's Rib
67%
Film1955Bad Day at Black Rock
67%
Film1957Desk Set
67%
Film1936Fury
67%
Film1967Guess Who's Coming to Dinner
67%
Film1960Inherit the Wind
67%
Film1958The Old Man and the Sea
67%
Film1940Boom Town
50%
Film1951Father's Little Dividend
50%
Film1963It's a Mad, Mad, Mad, Mad World
50%
Film1953The Actress
50%
Film1961The Devil at 4 O'Clock
50%
Film1958The Last Hurrah
50%
Film1947The Sea of Grass
50%
Film1942Woman of the Year
50%
Film1943A Guy Named Joe
33%
Film1941Dr. Jekyll and Mr. Hyde
33%
Film1962How the West Was Won
33%
Film1936Libeled Lady
33%
Film1949Malaya
33%
Film1941Men of Boys Town
33%
Film1940Northwest Passage
33%
Film1952Plymouth Adventure
33%
Film1948State of the Union
33%
Film1938Test Pilot
33%
Film1954Broken Lance
17%
Short Documentary1938Hollywood Goes to Town
17%
Film193220,000 Years in Sing Sing
0%
Short Documentary1944Air Pattern - Pacific
0%
Short Documentary1938Another Romance of Celluloid
0%
Theater1927-1928Baby Cyclone
0%
Film1937Big City
0%
Film1934Bottoms Up
0%
Film1948Cass Timberlane
0%
Theater1929Conflict
0%
Film1935Dante's Inferno
0%
Film1932Disorderly Conduct
0%
Film1940Edison, the Man
0%
Film1949Edward, My Son
0%
Film1933Face in the Sky
0%
Radio Series1949, 1950Family Theater of the Air
0%
Short Documentary1939For Auld Lang Syne
0%
Short Film1951For Defense for Freedom for Humanity
0%
Film1931Goldie
0%
Radio Series1940Gulf Screen Theatre
0%
Short Documentary1943His New World
0%
Short Film1939Hollywood Hobbies
0%
Film1940I Take This Woman
0%
Film1935It's a Small World
0%
Film1943Keeper of the Flame
0%
Film1934Looking for Trouble
0%
Film1937Mannequin
0%
Film1933Man's Castle
0%
Film1934Marie Galante
0%
Film1932Me and My Gal
0%
Short Documentary1940Northward, Ho!
0%
Film1934Now I'll Tell
0%
Theater1929N****r Rich (The Big Shot)
0%
Film1931Quick Millions
0%
Film1936Riffraff
0%
Short Documentary1942Ring of Steel
0%
Radio Series1939Screen Guild Theatre
0%
Short Film1938Screen Snapshots Series 17, No. 9
0%
Film1933Shanghai Madness
0%
Film1932She Wanted a Millionaire
0%
Film1934Shoot the Works
0%
Film1931Six Cylinder Love
0%
Film1932Sky Devils
0%
Film1932Society Girl
0%
Documentary1944Some of the Best
0%
Film1939Stanley and Livingstone
0%
Short Film1930Taxi Talks
0%
Short Film1930The Hard Guy
0%
Theater1930The Last Mile
0%
Film1933The Mad Game
0%
Film1956The Mountain
0%
Film1935The Murder Man
0%
Film1932The Painted Woman
0%
Film1951The People Against O'Hara
0%
Film1933The Power and the Glory
0%
Theater1923The Royal Fandango
0%
Theater1945-1946The Rugged Path
0%
Film1944The Seventh Cross
0%
Film1934The Show-Off
0%
TV Documentary1986The Spencer Tracy Legacy: A Tribute by Katharine Hepburn
0%
Film1937They Gave Him a Gun
0%
Film1944Thirty Seconds Over Tokyo
0%
Film1942Tortilla Flat
0%
Film1930Up the River
0%
Film1935Whipsaw
0%
Film1945Without Love
0%
Theater1926-1927Yellow
0%
Film1932Young America
0%
Film1940Young Tom Edison
0%

Score Distribution

Percentile by Number Answered

Percent of People with Each Score

Your Score History

You have not taken this quiz since the last reset